LIBRARY & INFORMATION CENTRE, KCAET, TAVANUR

ONLINE PUBLIC ACCESS CATALOGUE (OPAC)

Industrial engineering and production management / (Record no. 13204)

MARC details
000 -LEADER
fixed length control field 00561cam a2200217ua 4500
041 ## - LANGUAGE CODE
Language code of text/sound track or separate title eng
082 ## - DEWEY DECIMAL CLASSIFICATION NUMBER
Classification number 658.501
Item number MAH/IN
100 ## - MAIN ENTRY--AUTHOR NAME
Personal name Mahajan, M .
245 ## - TITLE STATEMENT
Title Industrial engineering and production management /
250 ## - EDITION STATEMENT
Edition statement 2 /
260 ## - PUBLICATION, DISTRIBUTION, ETC. (IMPRINT)
Place of publication New Delhi :
Name of publisher Dhanpat Rai Publishing Co. Pvt. Ltd. ,
Year of publication 2002.
300 ## - PHYSICAL DESCRIPTION
Number of Pages 910 ; .
942 ## - ADDED ENTRY ELEMENTS (KOHA)
Koha item type Books
Holdings
Withdrawn status Lost status Damaged status Home library Current library Date acquired Full call number Accession Number Koha item type
      KAUAET KAUAET 07/04/2012 658.501 MAH/IN 21813 Books
      KAUAET KAUAET 07/04/2012 658.501 22228 Books
      KAUAET KAUAET 07/04/2012 658.501 21956 Books
      KAUAET KAUAET 07/04/2012 658.501 21957 Books
free website counter